| 000 | 00498nam a2200169Ia 4500 | ||
|---|---|---|---|
| 008 | 230917s9999||||xx |||||||||||||| ||und|| | ||
| 020 | _cRS1450 | ||
| 040 |
_e234206 _aMAIN |
||
| 041 | _aEnglish | ||
| 082 | _a954.0258 S55I | ||
| 100 | _aSen, Surendranath | ||
| 245 | 0 | _aIndian travels of thevenot and careri | |
| 260 |
_aNew Delhi _bAsian Educational Services _c2011 |
||
| 300 | _alciv, 434 p. | ||
| 500 | _a2359 18/08/2016 KB16/165 22/08/2016 Rashtriya Uchchatar Shiksha Abhiyan | ||
| 942 | _cBK | ||
| 999 |
_c18979 _d18979 |
||